MLB All-Time Pitching Stat Leaders - Statistics

General Stats
  • This quiz has been taken 18 times
  • The average score is 25 of 50
Answer Stats
STAT Player % Correct
511 Cy Young
100%
7356.0 Cy Young
100%
5350.1 Nolan Ryan
100%
5714 Nolan Ryan
100%
4875 Randy Johnson
93%
354 Roger Clemens
93%
4672 Roger Clemens
93%
417 Walter Johnson
93%
2.17 Walter Johnson
93%
5914.1 Walter Johnson
93%
3508 Walter Johnson
93%
652 Mariano Rivera
87%
390 Dennis Eckersley
73%
3554 Justin Verlander
73%
478 Lee Smith
73%
3640 Tom Seaver
73%
601 Trevor Hoffman
73%
355 Greg Maddux
60%
363 Warren Spahn
60%
5243.2 Warren Spahn
60%
437 Francisco Rodríguez
47%
5217.1 Steve Carlton
47%
4136 Steve Carlton
47%
3701 Bert Blyleven
40%
5282.1 Don Sutton
40%
3574 Don Sutton
40%
5404.1 Phil Niekro
40%
422 Billy Wagner
33%
373 Christy Mathewson
33%
2.13 Christy Mathewson
33%
440 Craig Kimbrel
33%
5350.1 Gaylord Perry
33%
3534 Gaylord Perry
33%
373 Grover Alexander
33%
5190.0 Grover Alexander
33%
482 Kenley Jansen
33%
377 Joe Nathan
27%
2.06 Mordecai Brown
27%
424 John Franco
20%
2.16 Rube Waddell
20%
2.28 Will White
20%
1.89 Addie Joss
13%
1.82 Ed Walsh
13%
361 Kid Nichols
13%
361 Pud Galvin
13%
5941.1 Pud Galvin
13%
342 Tim Keefe
13%
2.28 Ed Reulbach
7%
2.10 John Ward
7%
2.25 Tommy Bond
7%
No matching quizzes found
Score Distribution
Percent of People with Each Score
Percentile by Number Answered
Your Score History
You have not taken this quiz